| 000 | 01327cam a22002891i 4500 | ||
|---|---|---|---|
| 003 | SA-RiAUC | ||
| 005 | 20241014143241.0 | ||
| 008 | 241014s1955 ||| g 000 0 ara c | ||
| 040 |
_aEG-CaDAJ _bara _cSA-RiAUC _erda |
||
| 082 | 0 | 4 | _a258.2 |
| 090 |
_a258.2 _bص ن هـ |
||
| 100 | 1 |
_aالصنهاجي، أبو الشتاء بن الحسن بن محمد، _dتوفي 1365 هجري _eمؤلف. |
|
| 245 | 1 | 0 |
_aكتاب مواهب الخلاق على شرح التاودي للامية الزقاق / _cأبو الشتاء بن الحسن بن محمد الصنهاجي. |
| 250 | _aالطبعة الثانية. | ||
| 264 | 1 |
_a[مكان النشر غير محدد] : _bأحمد بن الحسن الغازي، _c1955 |
|
| 300 |
_a2 مجلد؛ _c24 سم. |
||
| 336 |
_aنص _btxt _2rdacontent _3كتاب |
||
| 337 |
_aبدون وسيط _bn _2rdamedia |
||
| 338 |
_aمجلد _bnc _2rdacarrier |
||
| 650 | 7 |
_aالفقه المالكي _2aucsh |
|
| 700 | 1 | 2 |
_aالزقاق، علي بن قاسم بن محمد، _dتوفي 912 هجري |
| 700 | 1 | 2 |
_aالتاودي، محمد التاودي بن محمد الطالب بن محمد، _d1111-1209 هجري |
| 740 | 0 | 2 | _aشرح التاودي للامية الزقاق. |
| 740 | 0 | 2 | _aلامية الزقاق. |
| 942 |
_2ddc _cBOOK _n0 |
||
| 949 |
_aSA-JeALM _d241014 _umohamedma123 _n1 |
||
| 999 |
_c1311 _d1311 |
||